000 01477cam a22001934a 4500
005 20250605164355.0
008 250528s ||||||||||||||||||||||||d
035 _a24301
040 _aGR-AtMCL
_bgre
_dGR-AtMCL
_eAACR2
245 1 _aΣπουδαί - Spoudai / Βραβείο Ακαδημίας Αθηνών - An Academy of Athens Award
260 _bΕπτάλοφος,
_c2008
300 _a248
520 _aA Multi-Dynamic Generalized Expenditure System of the Demand for Consumer Goods, Up-to-Date Strategic Practices in the Banking Field in Greece, Supply Chain Strategy and Outsourcing: The Case of the Greek Pharmaceutical Sector, The Structure of Production in Greek Agriculture: Elasticities of Substitution and Derived Factor Price Elasticities, Human Capital and Economic Growth and Accountability of the Tertiary Education Institutions, Managers' Perceptions of Using of E-Marketing in B2B Relationships, The Wealth Effects of Mergers and Acquisitions to Target-Companies in USA for the Period 1920-200: A Critical Examination of Related Empirical Studies, Modeling Uncertainty and Risk in Investment Appraisal Decisions: A Monte Carlo Simulation Approach, The Marketing Information System of the Greek Shipping ComPany, Economic Characteristics of the Population in the Prefecture of Cyclades, Economic Analysis of Religion.
700 1 _aΑγιακόγλου Χρήστος
_99446
942 _cCR
999 _c9191
_d9191